000 00863nam a2200277 a 4500
001 32102
003 BD-RjUL
005 20211209051804.0
008 140423r20191933nyua b 001 0 eng
020 _a0389036331
035 _a(BD-RjUL)32191
040 _aDLC
_cDLC
_dDLC
_dBD-RjUL
_beng
041 _aeng
082 0 0 _a294.34209
_221
_bTHH 1971
100 1 _aThomas, E. J.
_q(Edward Joseph),
_d1869-1958
_995849
245 1 4 _aThe history of Buddhist thought /
_cEdward J. Thomas.
250 _a2nd. ed.
260 _aMineola, N.Y. :
_bDover Publications,
_c1951 [Reprinted 1953,1963,1971]
300 _axvi, 316 p. :
_bill. ;
_c22 cm.
500 _aOriginally published: 1959.
504 _aIncludes bibliographical references and index.
650 0 _aBuddhism
_xDoctrines.
_995467
942 _2ddc
_cBK
999 _c32102
_d32102